Những quy định pháp luật cần biết trong hoạt động xây dựng

Enregistré dans:
Détails bibliographiques
Auteur principal: Dương, Tuấn Nghĩa
Format: Livre
Langue:Undetermined
Publié: Hà Nội Tư pháp 2004
Sujets:
Law
Tags: Ajouter un tag
Pas de tags, Soyez le premier à ajouter un tag!
Thư viện lưu trữ: Trung tâm Học liệu Trường Đại học Cần Thơ
LEADER 00597nam a2200205Ia 4500
001 CTU_93741
008 210402s9999 xx 000 0 und d
020 |c 24500 
082 |a 343.597078 
082 |b Ngh301 
100 |a Dương, Tuấn Nghĩa 
245 0 |a Những quy định pháp luật cần biết trong hoạt động xây dựng 
245 0 |c Dương Tuấn Nghĩa 
260 |a Hà Nội 
260 |b Tư pháp 
260 |c 2004 
650 |a Law 
650 |z Vietnam 
904 |i Trúc 
980 |a Trung tâm Học liệu Trường Đại học Cần Thơ